| 000 | 00829cam a2200301 4500500 | ||
|---|---|---|---|
| 005 | 20260329002813.0 | ||
| 041 | _afre | ||
| 042 | _adc | ||
| 100 | 1 | 0 |
_aDagognet, François _eauthor |
| 245 | 0 | 0 | _aTombeaux. Pour une archéologie de la conscience |
| 260 | _c2013. | ||
| 500 | _a98 | ||
| 690 | _aChateaubriand | ||
| 690 | _aChristopher Hitchens | ||
| 690 | _aDeuil | ||
| 690 | _aFrançois Cheng | ||
| 690 | _aKertész | ||
| 690 | _aLittérature | ||
| 690 | _aMahler | ||
| 690 | _aMallarmé | ||
| 690 | _aMort | ||
| 690 | _aMusique | ||
| 690 | _aRavel | ||
| 690 | _aSophie Lacroix | ||
| 690 | _aTombeaux | ||
| 786 | 0 | _nPhilosophie magazine | 74 | 11 | 2013-11-01 | p. 65-68 | 1951-1787 | |
| 856 | 4 | 1 | _uhttps://shs.cairn.info/magazine-philosophie-magazine-2013-11-page-65?lang=fr&redirect-ssocas=7080 |
| 999 |
_c1818551 _d1818551 |
||